Mauritania or Mauritius - Statistics

General Stats
  • This quiz has been taken 30 times
  • The average score is 9 of 12
Answer Stats
Hint Answer % Correct
Which one borders the Indian Ocean Mauritius
96%
Which is an island Mauritius
92%
Which is in Africa Both
88%
Which is bigger Mauritania
88%
Which is in the Southern Hemisphere Mauritius
84%
Which mainly speaks Arabic Mauritania
76%
Which is mostly Islam Mauritania
76%
Which has red on its flag Both
68%
Which gained independence from Britain Mauritius
60%
Which is closer to the equator Mauritania
52%
Which is landlocked Neither
40%
Which is mostly Christian Neither
36%
No matching quizzes found
Score Distribution
Percent of People with Each Score
Percentile by Number Answered
Your Score History
You have not taken this quiz